000 00729nam a22002297a 4500
003 UA-OsUOA
001 112330
007 ta
008 20150703b un ||||| |||| 00| 0 ukr d
090 _a397(100)
_bП80
942 _cBK
040 _aUA-OsUOA
_brus
_cUA-OsUOA
_dUA-OsUOA
245 _aПроисхождение вещей
_bочерки первобытной культуры
_cпод ред. Е. В. Смирницкой
300 _a272 с.
955 _a2
041 _arus
080 _a397(100)
020 _a5-87927-024-6
260 _aМ.
_bННН
_c1995
650 7 _a397 Первісні народи. Окремі раси, племена з точки зору їх звичаїв
_2UDC
999 _c398407
_d398407